| 000 | 00650cab a2200217 4500 | ||
|---|---|---|---|
| 001 | WB3209-05 | ||
| 008 | 090401t1996 xxu||||| |||| 00| 0 eng d | ||
| 035 | _a(Sirsi) u40136 | ||
| 041 | _aeng | ||
| 245 | _aBAA in Battersea scheme | ||
| 260 | _c1996 | ||
| 350 | _a0 | ||
| 490 |
_aObserver _v25 February 1996, 3(1) |
||
| 520 | _aBAA is set to take a quarter share in the £200m redevelopment of Battersea Power Station as a leisure complex. | ||
| 650 | _aBATTERSEA POWER STATION | ||
| 650 | _aBRITISH AIRPORTS AUTHORITY | ||
| 650 | _aLEISURE COMPLEXES | ||
| 690 | _aBUILDING AND CONSTRUCTION-PROJECTS | ||
| 942 | _n0 | ||
| 948 | _c04/03/1997 | ||
| 999 |
_c25710 _d25710 |
||